| 000 | 00000nam 2200000zi 4500 |
| 001 | 9.933696 |
| 003 | CaOODSP |
| 005 | 20241108131547 |
| 006 | m o d f |
| 007 | cr |n |||||||| |
| 008 | 240209s2024 onc ol f|0| 0 eng d |
| 040 | |aCaOODSP|beng|erda|cCaOODSP |
| 041 | |aeng|afre |
| 043 | |an-cn---|an-cn-bc |
| 086 | 1 |aYB441-16/1-PDF |
| 110 | 1 |aCanada. |bParliament. |bSenate, |eissuing body. |
| 245 | 13|aAn Act respecting the recognition of the Haida Nation and the Council of the Haida Nation = |bLoi concernant la reconnaissance de la Nation haïda et du Conseil de la Nation haïda. |
| 246 | 11|aLoi concernant la reconnaissance de la Nation haïda et du Conseil de la Nation haïda |
| 246 | 31|iShort title : |aHaida Nation Recognition Act |
| 264 | 1|a[Ottawa] : |bSenate of Canada = Sénat du Canada, |c2024. |
| 300 | |a1 online resource (iii, 4 pages). |
| 336 | |atext|btxt|2rdacontent |
| 337 | |acomputer|bc|2rdamedia |
| 338 | |aonline resource|bcr|2rdacarrier |
| 490 | 1 |aBill S-... ; |vBill S-16, 1st session, 44th Parliament |
| 500 | |a"First reading, February 8, 2024." |
| 520 | |a"This enactment implements certain sections of the agreement entitled “Nang K̲’uula • Nang K̲’úulaas Recognition Agreement” "--Summary, page ii. |
| 546 | |aText in English and in French. |
| 610 | 20|aCouncil of the Haida Nation. |
| 650 | 5|aHaida|xLegal status, laws, etc. |
| 650 | 5|aHaida|xLegal status, laws, etc.|zBritish Columbia. |
| 650 | 5|aHaida|xGovernment relations. |
| 650 | 5|aHaida|zBritish Columbia|xGovernment relations. |
| 650 | 5|aHaida|zBritish Columbia|xPolitics and government. |
| 655 | 7|aLegislative bills|2lcgft |
| 792 | |tAn Act respecting the recognition of the Haida Nation and the Council of the Haida Nation = |efre|w(CaOODSP)9.933699 |
| 830 | #0|aBill S-...|vBill S-16, 1st session, 44th Parliament.|w(CaOODSP)9.500665 |
| 856 | 40|qPDF|s137 KB|uhttps://publications.gc.ca/collections/collection_2024/sen/YB441-16-1.pdf |
| 856 | 4 |qHTML|sN/A|uhttps://www.parl.ca/DocumentViewer/en/44-1/bill/S-16/first-reading |